UM Logo
Normal view MARC view
  • Education

Entry Topical Term

Number of records used in: 1

001 - CONTROL NUMBER

  • control field: 35266

003 - CONTROL NUMBER IDENTIFIER

  • control field: OSt

005 - DATE AND TIME OF LATEST TRANSACTION

  • control field: 20190129115308.0

008 - FIXED-LENGTH DATA ELEMENTS

  • fixed length control field: 190129|| aca||aabn | a|a d

040 ## - CATALOGING SOURCE

  • Original cataloging agency: OSt
  • Transcribing agency: OSt

150 ## - HEADING--TOPICAL TERM

  • Topical term or geographic name entry element: Education
  • Form subdivision: Filipino
  • General subdivision: Undergraduate thesis.

670 ## - SOURCE DATA FOUND

  • Source citation: Work cat.: (OSt): Pelicano, Perla Mie C. 35265, Bilis ng pagbasa at ang kakayahan sa pag-unawa ng teksto sa tahimik na pagbasa ng mga mag-aaral sa ika-7 baitang ngn DICHNS, October 2018.